| 000 | 01514nam a22003135i 4500 | ||
|---|---|---|---|
| 999 |
_c7152 _d7152 |
||
| 001 | 18145796 | ||
| 003 | GBCCL | ||
| 005 | 20241126110621.0 | ||
| 008 | 140509s2014 nyu 000 0 eng | ||
| 010 | _a 2014940482 | ||
| 020 | _a9781940182087 | ||
| 040 |
_aDLC _beng _erda _cDLC |
||
| 042 | _apcc | ||
| 082 |
_a266 _bDHA |
||
| 100 | 1 |
_aDharmaraj, Glory E. _912653 |
|
| 245 | 1 | 0 |
_aTheology of mutuality : _ba paradigm for mission in the Twenty-First Century / _cGlory E. Dharmaraj, Jacob S. Dharmaraj. |
| 263 | _a1408 | ||
| 264 | 1 |
_aNew York, NY : _bUnited Methodist Women, _c2014. |
|
| 300 |
_a174 pages ; _c23cm. |
||
| 336 |
_atext _2rdacontent |
||
| 337 |
_aunmediated _2rdamedia |
||
| 338 |
_avolume _2rdacarrier |
||
| 505 | _aIn 'A Theology of Mutuality: A Paradigm for Mission in the Twenty-first Century', Glory and Jacob Dharmaraj narrate what mutuality should be in the forefront of mission engagement during these changing times and shifting landscapes. Offering biblical and theological insights into mutuality in mission, they respond to the why of mutuality. The book is an invitation to commitment to mutuality, fostering of shared gifts, and integrating mission from the margins. This book is an excellent resource for everyone who is interested in mission engagement in this century. (Back cover). | ||
| 650 |
_aMissions -- Theory. _910 |
||
| 650 |
_aMission of the church. _950 |
||
| 906 |
_a0 _bibc _corignew _d2 _eepcn _f20 _gy-gencatlg |
||
| 942 |
_2ddc _cBK _05 |
||